000 00601nam a2200205Ia 4500
008 241004s9999 xx 000 0 und d
020 _a9788195549399
037 _aTextbook
040 _aARTS
_beng
_cARTS
041 _aeng
_2eng
084 _aa12.235 R2
_qARTS
100 _aKanchi Vijay Srinath Au.
_9724588
245 _aManuscript conservation in maharashtra
_cKanchi Vijay Srinath Au.
260 _aIndia
_bNew Delhi Kaveri Books
_c2020
300 _axxxv,335p.
365 _aINR
_b1800
650 _aBibliography
942 _cTB
_ha12.235 R2
999 _c1218719
_d1218719